Poverty and social impact analysis by the IMF review of methodology and selected evidence

Na minha lista:
Detalhes bibliográficos
Outros Autores: Gillingham, Robert
Formato: Livro
Idioma:inglês
Publicado em: Washington, D.C. International Monetary Fund 2008
Assuntos:
Tags: Adicionar Tag
Sem tags, seja o primeiro a adicionar uma tag!

MARC

LEADER 00000nam$a2200000$$$4500
001 0112394
005 20240315115608.0
020 |a 978-1-58906-662-5 
041 0 |a eng 
044 |a US 
245 1 0 |a Poverty and social impact analysis by the IMF  |b review of methodology and selected evidence  |c editor Robert Gillingham 
264 1 |a Washington, D.C.  |b International Monetary Fund  |c 2008 
300 |a 132 s. 
610 2 0 |a chudoba 
610 2 0 |a procesy sociálno-ekonomické 
610 2 0 |a situácia hospodárska 
610 2 0 |a politika hospodárska 
610 2 0 |a krajiny rozvojové 
610 2 0 |a podmienky sociálne 
610 2 0 |a reformy sociálne 
610 2 0 |a dane nepriame 
610 2 0 |a politika cenová 
610 2 0 |a devalvácia 
610 2 0 |a obchod 
610 2 0 |a reformy poľnohospodárske 
610 2 0 |a Afrika 
700 1 |a Gillingham, Robert